| 000 | 01383nam a2200205Ia 4500 | ||
|---|---|---|---|
| 003 | Ost | ||
| 005 | 20260507074852.0 | ||
| 008 | 260507s9999||||xx |||||||||||||| ||und|| | ||
| 040 | _cfsecg | ||
| 041 | _aara | ||
| 082 | _a658.155 | ||
| 100 |
_aناصر، نور الدين _eمؤلف |
||
| 245 | 0 |
_aنظم قياس تكلفة الإنتاج والخدمات في بيئة الأعمال المعاصرة / _c نور الدين ناصر |
|
| 260 |
_aالاسكندرية: _bالدار الجامعية, _c2006 |
||
| 300 |
_a320 صفحة؛ _bإيضاحات ؛ _c24 سم |
||
| 520 | _aنظام التكاليف الملائم للقياس، نظام تكاليف المراحل حالة انتظام اضافة عناصر التكاليف، نظام تكاليف المراحل حالة عدم انتظام اضافة عناصر التكاليف، نظام تكاليف المراحل مسموحات وخسائر التشغيل وتعدد المنتجات، نظام التكاليف المشتركة المنتجات الرئيسية والمنتجات الفرعية، قياس تكاليف العقود والعمليات، قياس تكاليف الانتاج في بيئة الأعمال المعاصرة نظام الانتاج بدون مخزون، نظام قياس تكلفة الخدمات | ||
| 653 | _aالانتاج | ||
| 653 | _aالتكاليف | ||
| 942 | _cكتاب | ||
| 999 |
_c41584 _d41584 |
||